• 首页
  • 本馆介绍
  • 公告通知
  • 最新文献
  • 馆藏检索
  • 电子资源
  • 读者导购
  • 参考咨询
  • 我的图书馆
  • 登录
  • 详细信息显示
  • 放入我的书架
  • 预约/预借图书
  • 作者相关作品
  • 分类相关作品
  • 丛书相关作品
  • 出版社相关作品

书目信息

  • 表格格式
  • 工作单格式
  • 卡片格式
题名:
动物生殖生理学
    
 
作者: 朱士恩 主编
分册:  
出版信息: 北京   中国农业出版社  2006
页数: 359页
开本: 26cm
丛书名:
单 册:
中图分类: Q492
科图分类:
主题词: 动物--生殖生理学--研究生--教材 , 动物 , 生殖生理学
电子资源:
ISBN: 7-109-10591-1
000 00930nam0 2200277 450
001 1532391277
005 20150131090010.95
010    @a7-109-10591-1@dCNY49.50
100    @a20060618d2006 em y0chiy50 ea
101 0  @achi
102    @aCN@b110000
105    @ay z 000yy
200 1  @a动物生殖生理学@9dong wu sheng zhi sheng li xue@f朱士恩主编
210    @a北京@c中国农业出版社@d2006
215    @a359页@d26cm
300    @a全国高等农业院校教学指导委员会推荐研究生教学用书
312    @a封面英文题名:Animal reproductive physiology
330    @a本书全面系统地论述了动物胚胎的性别分化、配子的发生与发育、受精、胚胎发育、妊娠、分娩、泌乳及生殖免疫调控等内容。
510 1  @aAnimal reproductive physiology@zeng
606 0  @a动物@x生殖生理学@x研究生@j教材
606 0  @a动物
606 0  @a生殖生理学
690    @aQ492@v5
701  0 @a朱士恩@9zhu shi en@4主编
801  0 @aCN@bTSSF@c20150131
905    @aZUCC@dQ492@eJY28
    
    动物生殖生理学/朱士恩主编.-北京:中国农业出版社,2006
    359页;26cm
    全国高等农业院校教学指导委员会推荐研究生教学用书
    
    ISBN 7-109-10591-1:CNY49.50
    本书全面系统地论述了动物胚胎的性别分化、配子的发生与发育、受精、胚胎发育、妊娠、分娩、泌乳及生殖免疫调控等内容。
●
相关链接 在E读中查询图书 在五车中查询图书 在当当中查询图书 在豆瓣中查询图书


正题名:动物生殖生理学     索取号:Q492/JY28         预约/预借

序号 登录号 条形码 馆藏地/架位号 状态 备注
1 7863244   278632446   学院路分馆/ [索取号:Q492/JY28] 在馆    
2 7863245   278632455   学院路分馆/ [索取号:Q492/JY28] 在馆    
唐山师范学院图书馆 欢迎您!
大连网信软件有限公司© 版权所有